000 01015nam0a22002891 4500
001 v19\rc\1832156
005 20071224120734.1
035 _a(NLR Aleph) 004927458
090 _a5643626
_c5643626
100 _a20071224d1908 |||y0rusy50 ca
101 0 _arus
102 _aRU
105 _aa j |||||
200 1 _aУчебник ботаники
_e(Морфология и систематика растений)
_eДля сред. учеб. заведений
_eС 197 рис. в тексте и табл.
_fВ.Р. Заленский
210 _aКиев
_cПирог. т-во
_d1908
215 _aVI, 167 с., 2 л. ил.
_cил., табл.
_d23
700 1 _aЗаленский
_bВ. Р.
_f1875-1923
_gВячеслав Рафаилович
801 0 _aRU
_bNLR
_gpsbo
801 0 _aRU
_bRuMoRGB
_2psbo
801 1 _aRU
_bProSoft-M
_2rusmarc
852 _aNLR
_j38.72.1.26
899 _aRuMoRGB
_jРб 3/571
899 _aБАН
899 _aНБ СПбГУ
899 _aНБ МГУ
942 _cBOOK
980 _aNB